Celtics Player to Nickname - Statistics

General Stats
  • This quiz has been taken 51 times
  • The average score is 4 of 12
Answer Stats
Hint Answer % Correct
Jayson Tatum Big Deuce
81%
Jrue Holiday The Jruth
78%
Kristaps Porzingis The Unicorn
69%
Xavier Tillman Big X
41%
Payton Pritchard FastPP
38%
Neemias Queta The Big Portugal
38%
Derrick White The Buffalo
22%
Luke Kornet The Green ______
19%
Jordan Walsh Weapon X
16%
Sam Hauser Big Smooth
13%
Al Horford The Godfather
13%
Jaylen Brown Old Man
6%
No matching quizzes found
Score Distribution
Percent of People with Each Score
Percentile by Number Answered
Your Score History
You have not taken this quiz